00417 a2200133 4500001001000000005001700010008004100027245006900068100001900137700002000156700001800176773007200194999001700266ART_1183120260410161900.0260409a 10aReplacing the U.S. income tax with a progressive consumption tax1 aFullerton, Don1 aShoven, John B.1 aWhalley, John0 tJournal of public economicsg- Vol. 20, NÂș 1 (feb. 1983)wREV11485 c25877d25877